[Event "Jack Taylor mem."]
[Site "Victoria CAN"]
[Date "2001.11.17"]
[Round "2"]
[White "Charbonneau, Pascal"]
[Black "Leblanc, Paul"]
[Result "1-0"]
[WhiteElo "2444"]
[BlackElo "2107"]
[PlyCount "79"]
[GameId "2160767911484894"]
[EventDate "2001.11.17"]
[EventType "swiss"]
[EventRounds "5"]
[EventCountry "CAN"]
[SourceTitle "EXT 2022"]
[Source "ChessBase"]
[SourceDate "2021.10.06"]
[SourceVersion "1"]
[SourceVersionDate "2021.10.06"]
[SourceQuality "1"]

1. e4 c6 2. d4 d5 3. exd5 cxd5 4. c4 Nf6 5. Nc3 e6 6. Nf3 Be7 7. cxd5 exd5 8. Bb5+ Bd7 9. Be2 Nc6 10. Ne5 Bf5 11. O-O Qb6 12. Nxc6 bxc6 13. Na4 Qc7 14. Bg5 O-O 15. Rc1 Rfe8 16. Nc5 Bxc5 17. dxc5 Qe5 18. Bxf6 Qxe2 19. Bc3 Qxd1 20. Rfxd1 Re2 21. Rd4 Re4 22. Rxe4 Bxe4 23. Re1 Kf8 24. f3 Bf5 25. Be5 Be6 26. Re3 g6 27. Kf2 Ke7 28. Rb3 Rd8 29. Rb7+ Rd7 30. Rb8 Bf5 31. Ke3 Ke6 32. Kd4 f6 33. Bd6 a5 34. Rb6 Bb1 35. a4 Bc2 36. b3 Bd1 37. Kd3 d4 38. Kd2 Bxf3 39. gxf3 Kd5 40. Rb8 1-0

[Event "Jack Taylor mem."]
[Site "Victoria CAN"]
[Date "2001.11.17"]
[Round "3"]
[White "Herder, David"]
[Black "Charbonneau, Pascal"]
[Result "0-1"]
[WhiteElo "2278"]
[BlackElo "2444"]
[PlyCount "46"]
[GameId "2160767911484899"]
[EventDate "2001.11.17"]
[EventType "swiss"]
[EventRounds "5"]
[EventCountry "CAN"]
[SourceTitle "EXT 2022"]
[Source "ChessBase"]
[SourceDate "2021.10.06"]
[SourceVersion "1"]
[SourceVersionDate "2021.10.06"]
[SourceQuality "1"]

1. d4 d5 2. Nf3 Nf6 3. e3 g6 4. Bd3 Bg7 5. b3 c5 6. Bb2 cxd4 7. exd4 Nc6 8. O-O O-O 9. Re1 Bf5 10. Bxf5 gxf5 11. Nbd2 e6 12. Ne5 Nxe5 13. dxe5 Ne4 14. Nxe4 dxe4 15. Qh5 Qd2 16. Re3 Qxc2 17. Rh3 h6 18. Bc1 Rfd8 19. Bxh6 Bxh6 20. Rg3+ Bg7 21. h4 Qb2 22. Re1 Qxe5 23. Qg5 Kf8 0-1

[Event "Jack Taylor mem."]
[Site "Victoria CAN"]
[Date "2001.11.18"]
[Round "4"]
[White "Charbonneau, Pascal"]
[Black "Moore, Harry"]
[Result "1-0"]
[WhiteElo "2444"]
[BlackElo "2257"]
[PlyCount "117"]
[GameId "2160767911484903"]
[EventDate "2001.11.17"]
[EventType "swiss"]
[EventRounds "5"]
[EventCountry "CAN"]
[SourceTitle "EXT 2022"]
[Source "ChessBase"]
[SourceDate "2021.10.06"]
[SourceVersion "1"]
[SourceVersionDate "2021.10.06"]
[SourceQuality "1"]

1. e4 g6 2. d4 Bg7 3. Nc3 d6 4. Be3 Nf6 5. f3 c6 6. Qd2 b5 7. Bd3 Nbd7 8. Nge2 a6 9. a4 Bb7 10. O-O O-O 11. Kh1 e5 12. axb5 exd4 13. Nxd4 axb5 14. Nb3 Ne5 15. Rxa8 Bxa8 16. Be2 Nc4 17. Bxc4 bxc4 18. Nd4 Re8 19. Bg5 Qb6 20. Nde2 d5 21. exd5 cxd5 22. Nd1 Nd7 23. c3 Ne5 24. Be3 Qb7 25. Bd4 Nd3 26. Bxg7 Kxg7 27. Nf4 Qe7 28. Nxd3 cxd3 29. Qxd3 Qe2 30. Nf2 Re3 31. Qd4+ Kg8 32. Kg1 h5 33. Nh3 Re8 34. b4 Bc6 35. Nf4 Qe3+ 36. Qxe3 Rxe3 37. Rc1 h4 38. Kf2 Re5 39. Re1 Rf5 40. Ne2 Rf6 41. Nd4 Bd7 42. Ra1 Rb6 43. Ra5 Be6 44. Ke3 Kg7 45. b5 Kf6 46. f4 Kg7 47. Ra6 Rb8 48. Nxe6+ fxe6 49. b6 Kf6 50. Kd4 Kf5 51. Kc5 Rc8+ 52. Kd6 Rxc3 53. b7 Rb3 54. Kc7 Rxb7+ 55. Kxb7 Kxf4 56. Rxe6 d4 57. Rxg6 d3 58. Rd6 Ke3 59. g4 1-0

[Event "Jack Taylor mem."]
[Site "Victoria CAN"]
[Date "2001.11.18"]
[Round "5"]
[White "Stanford, Mike"]
[Black "Charbonneau, Pascal"]
[Result "0-1"]
[WhiteElo "2180"]
[BlackElo "2444"]
[PlyCount "60"]
[GameId "2160767911484905"]
[EventDate "2001.11.17"]
[EventType "swiss"]
[EventRounds "5"]
[EventCountry "CAN"]
[SourceTitle "EXT 2022"]
[Source "ChessBase"]
[SourceDate "2021.10.06"]
[SourceVersion "1"]
[SourceVersionDate "2021.10.06"]
[SourceQuality "1"]

1. e4 c5 2. Nf3 Nc6 3. d4 cxd4 4. Nxd4 Qc7 5. Nb5 Qb8 6. c4 Nf6 7. N5c3 e6 8. Be2 a6 9. Be3 d6 10. O-O Be7 11. f4 O-O 12. Nd2 Rd8 13. Bb6 Re8 14. Bd3 Nd7 15. Be3 b6 16. g4 Nc5 17. Be2 Bf8 18. a3 Bb7 19. Rf3 g6 20. Rh3 Bg7 21. Rc1 Nd4 22. Bf1 f5 23. Bg2 fxe4 24. Ndxe4 Ncb3 25. Rb1 Qc7 26. Nxd6 Bxg2 27. Nxe8 Qc6 28. Rg3 Bf3 29. Rxf3 Nxf3+ 30. Kf2 Nh4 0-1

[Event "Vernon Silver Star op"]
[Site "Vernon CAN"]
[Date "2001.11.11"]
[Round "4"]
[White "Stanford, Mike"]
[Black "Charbonneau, Pascal"]
[Result "0-1"]
[WhiteElo "2254"]
[BlackElo "2405"]
[PlyCount "56"]
[GameId "2160767911484962"]
[EventDate "2001.11.10"]
[EventType "swiss"]
[EventRounds "6"]
[EventCountry "CAN"]
[SourceTitle "EXT 2022"]
[Source "ChessBase"]
[SourceDate "2021.10.06"]
[SourceVersion "1"]
[SourceVersionDate "2021.10.06"]
[SourceQuality "1"]

1. e4 c5 2. Nf3 d6 3. d4 cxd4 4. Nxd4 Nf6 5. Nc3 Bd7 6. Bg5 Nc6 7. Qd2 Nxd4 8. Qxd4 Qa5 9. f4 Rc8 10. O-O-O h6 11. Bxf6 gxf6 12. f5 h5 13. g3 h4 14. Be2 Qc5 15. Qxc5 Rxc5 16. Nd5 a5 17. Bf3 Bh6+ 18. Kb1 Bg5 19. g4 Bc6 20. h3 e6 21. Nc3 Ke7 22. Rhe1 b5 23. Ne2 b4 24. Nd4 Bd7 25. Nb3 Re5 26. Nd4 Rc8 27. Rd3 Rec5 28. Red1 e5 0-1

[Event "Vernon Silver Star op"]
[Site "Vernon CAN"]
[Date "2001.11.12"]
[Round "5"]
[White "Charbonneau, Pascal"]
[Black "Yoos, John"]
[Result "1/2-1/2"]
[WhiteElo "2405"]
[BlackElo "2360"]
[PlyCount "34"]
[GameId "2160767911484965"]
[EventDate "2001.11.10"]
[EventType "swiss"]
[EventRounds "6"]
[EventCountry "CAN"]
[SourceTitle "EXT 2022"]
[Source "ChessBase"]
[SourceDate "2021.10.06"]
[SourceVersion "1"]
[SourceVersionDate "2021.10.06"]
[SourceQuality "1"]

1. e4 c5 2. Nf3 e6 3. c3 Nf6 4. e5 Nd5 5. d4 cxd4 6. cxd4 b6 7. Bd3 Bb4+ 8. Bd2 Bxd2+ 9. Nbxd2 Ba6 10. Nc4 O-O 11. Qd2 f6 12. O-O Nc6 13. Rfe1 fxe5 14. dxe5 Nf4 15. Bf1 Ne7 16. Re4 Nfd5 17. g3 Nc6 1/2-1/2

[Event "Montreal int."]
[Site "Montreal CAN"]
[Date "2001.08.02"]
[Round "1"]
[White "Mikanovic, Goran"]
[Black "Charbonneau, Pascal"]
[Result "1/2-1/2"]
[WhiteElo "2273"]
[BlackElo "2405"]
[PlyCount "234"]
[GameId "2160767911555325"]
[EventDate "2001.08.02"]
[EventType "tourn"]
[EventRounds "11"]
[EventCountry "CAN"]
[EventCategory "9"]
[SourceTitle "CBM 085"]
[Source "ChessBase"]
[SourceDate "2001.11.13"]
[SourceVersion "1"]
[SourceVersionDate "2001.11.13"]
[SourceQuality "1"]

1. d4 Nf6 2. c4 e6 3. Nc3 Bb4 4. Qc2 O-O 5. a3 Bxc3+ 6. Qxc3 Ne4 7. Qc2 f5 8. Nh3 Nc6 9. e3 d6 10. f3 Nf6 11. Be2 e5 12. dxe5 dxe5 13. Nf2 a5 14. O-O Qe7 15. Bd2 Be6 16. Bd3 Nd7 17. Rfe1 a4 18. Bf1 Nc5 19. Rad1 e4 20. f4 Qf7 21. Bb4 b6 22. Be2 h6 23. Bxc5 bxc5 24. Rb1 Na5 25. Rbc1 Rfb8 26. g4 Rb3 27. gxf5 Bxf5 28. Qd2 Kh7 29. Rc3 g5 30. fxg5 Rg8 31. Rxb3 Nxb3 32. Qd5 Rxg5+ 33. Kh1 Qe7 34. h4 Rg6 35. Qxf5 Qxh4+ 36. Qh3 Qxf2 37. Rf1 Qg3 38. Qd7+ Rg7 39. Qf5+ Qg6 40. Bg4 Nd2 41. Rf2 Nf3 42. Qxg6+ Kxg6 43. Bxf3 exf3 44. Rxf3 Rd7 45. Kg2 Rd2+ 46. Kg3 Rxb2 47. Kf4 Rb3 48. Rg3+ Kh7 49. Ke5 Rxa3 50. Kf6 Rd3 51. Rg7+ Kh8 52. Rxc7 Rd6+ 53. Ke5 Ra6 54. Rb7 a3 55. Rb1 a2 56. Ra1 h5 57. Kd5 Ra5 58. Kc6 h4 59. Kb6 Ra3 60. Kxc5 h3 61. Kb4 Ra8 62. c5 Rb8+ 63. Ka5 h2 64. c6 Kg7 65. c7 Rh8 66. Rh1 Ra8+ 67. Kb6 a1=Q 68. Rxa1 Rxa1 69. c8=Q Rb1+ 70. Ka5 h1=Q 71. Qg4+ Kf6 72. Qf4+ Ke6 73. Qg4+ Kd6 74. Qf4+ Kc6 75. Qf6+ Kc7 76. Qe7+ Kb8 77. Qd6+ Kc8 78. Qe6+ Kc7 79. Qe7+ Kc6 80. Qf6+ Kd5 81. Qd4+ Ke6 82. Qg4+ Kf6 83. Qf4+ Kg6 84. Qg4+ Kh6 85. Qf4+ Kh5 86. Qf5+ Kh4 87. Qf2+ Kh3 88. Qf5+ Kg3 89. Qf4+ Kg2 90. Qe4+ Kf2 91. Qc2+ Kxe3 92. Qc3+ Ke4 93. Qc2+ Ke5 94. Qc3+ Kd6 95. Qf6+ Kd7 96. Qf7+ Kc6 97. Qe8+ Kc5 98. Qe3+ Kc4 99. Qe2+ Kd4 100. Qd2+ Ke4 101. Qe2+ Kf4 102. Qd2+ Ke4 103. Qe2+ Kd5 104. Qd3+ Kc6 105. Qc4+ Kb7 106. Qf7+ Kc6 107. Qe6+ Kc5 108. Qe3+ Kd5 109. Qd3+ Ke5 110. Qc3+ Ke4 111. Qc2+ Kf4 112. Qd2+ Kf3 113. Qd3+ Kg2 114. Qe4+ Kh2 115. Qf4+ Kg1 116. Qe3+ Kf1 117. Qd3+ Kf2 1/2-1/2

[Event "Montreal int."]
[Site "Montreal CAN"]
[Date "2001.08.03"]
[Round "2"]
[White "Charbonneau, Pascal"]
[Black "Krush, Irina"]
[Result "1-0"]
[WhiteElo "2405"]
[BlackElo "2421"]
[PlyCount "77"]
[GameId "2160767911555328"]
[EventDate "2001.08.02"]
[EventType "tourn"]
[EventRounds "11"]
[EventCountry "CAN"]
[EventCategory "9"]
[SourceTitle "CBM 085"]
[Source "ChessBase"]
[SourceDate "2001.11.13"]
[SourceVersion "1"]
[SourceVersionDate "2001.11.13"]
[SourceQuality "1"]

1. e4 c5 2. Nc3 Nc6 3. Nf3 d6 4. d4 cxd4 5. Nxd4 Nf6 6. Bg5 e6 7. Qd2 a6 8. O-O-O Bd7 9. f4 b5 10. Bxf6 gxf6 11. Kb1 Qb6 12. Nxc6 Bxc6 13. Qe1 Be7 14. f5 Qc5 15. Bd3 a5 16. Ne2 e5 17. Qg3 Kf8 18. Qh4 h6 19. Rhf1 a4 20. c3 a3 21. b3 Rd8 22. Qf2 Rg8 23. Qf3 b4 24. Bc4 Rb8 25. Ka1 Rg7 26. Rd3 Bd8 27. Bd5 Be8 28. c4 Bb6 29. Qh3 Rh7 30. Ng3 Bc6 31. Nh5 Bd8 32. Qg3 Be7 33. Rfd1 Bxd5 34. Rxd5 Qa7 35. Kb1 Rc8 36. Kc2 Rc5 37. R5d3 Rc8 38. Kd2 Qb7 39. Qg4 1-0

[Event "Montreal int."]
[Site "Montreal CAN"]
[Date "2001.08.04"]
[Round "3"]
[White "Barbeau, Sylvain"]
[Black "Charbonneau, Pascal"]
[Result "1-0"]
[WhiteElo "2365"]
[BlackElo "2405"]
[PlyCount "93"]
[GameId "2160767911555334"]
[EventDate "2001.08.02"]
[EventType "tourn"]
[EventRounds "11"]
[EventCountry "CAN"]
[EventCategory "9"]
[SourceTitle "CBM 085"]
[Source "ChessBase"]
[SourceDate "2001.11.13"]
[SourceVersion "1"]
[SourceVersionDate "2001.11.13"]
[SourceQuality "1"]

1. e4 c5 2. Nc3 Nc6 3. g3 g6 4. Bg2 Bg7 5. d3 d6 6. Be3 e5 7. Qd2 Nge7 8. Bh6 Bxh6 9. Qxh6 Nd4 10. Qd2 Qa5 11. f4 O-O 12. Nf3 f5 13. O-O exf4 14. gxf4 Bd7 15. Rae1 Rae8 16. e5 dxe5 17. Nxe5 Be6 18. Qf2 Kg7 19. Re3 Ng8 20. Rfe1 Nf6 21. h3 Qc7 22. Nc4 Bf7 23. a4 b6 24. Ne5 a6 25. Kh2 Bg8 26. Nd1 Ne6 27. Nc3 Qd6 28. Bc6 Re7 29. Bh1 Rfe8 30. Nc6 Rc7 31. Ne5 Nd4 32. Nd1 Rce7 33. c3 Ne6 34. Bc6 Rc8 35. Bf3 Nd5 36. Bxd5 Qxd5 37. Qg3 Rce8 38. h4 Kf8 39. R1e2 Qb3 40. Nf2 Qxa4 41. Nh3 Ng7 42. Qg5 Re6 43. b3 h6 44. Qxh6 Rxe5 45. bxa4 Rxe3 46. Rxe3 Rxe3 47. Qxg6 1-0

[Event "Montreal int."]
[Site "Montreal CAN"]
[Date "2001.08.05"]
[Round "4"]
[White "Charbonneau, Pascal"]
[Black "Zugic, Igor"]
[Result "1/2-1/2"]
[WhiteElo "2405"]
[BlackElo "2440"]
[PlyCount "49"]
[GameId "2160767911555340"]
[EventDate "2001.08.02"]
[EventType "tourn"]
[EventRounds "11"]
[EventCountry "CAN"]
[EventCategory "9"]
[SourceTitle "CBM 085"]
[Source "ChessBase"]
[SourceDate "2001.11.13"]
[SourceVersion "1"]
[SourceVersionDate "2001.11.13"]
[SourceQuality "1"]

1. e4 c5 2. Nf3 d6 3. d4 cxd4 4. Nxd4 Nf6 5. Nc3 e6 6. Be3 a6 7. g4 h6 8. Rg1 Qc7 9. h4 h5 10. g5 Ng4 11. Qd2 Nc6 12. O-O-O Bd7 13. f4 Nxe3 14. Qxe3 Nxd4 15. Qxd4 Qc5 16. Qxc5 dxc5 17. e5 g6 18. Bg2 O-O-O 19. Ne4 Bc6 20. Rxd8+ Kxd8 21. Nf6 Bxg2 22. Rxg2 Be7 23. Rd2+ Kc8 24. c4 Bxf6 25. gxf6 1/2-1/2

[Event "Montreal int."]
[Site "Montreal CAN"]
[Date "2001.08.06"]
[Round "5"]
[White "Kosyrev, Vladimir"]
[Black "Charbonneau, Pascal"]
[Result "1/2-1/2"]
[WhiteElo "2554"]
[BlackElo "2405"]
[PlyCount "39"]
[GameId "2160767911555347"]
[EventDate "2001.08.02"]
[EventType "tourn"]
[EventRounds "11"]
[EventCountry "CAN"]
[EventCategory "9"]
[SourceTitle "CBM 085"]
[Source "ChessBase"]
[SourceDate "2001.11.13"]
[SourceVersion "1"]
[SourceVersionDate "2001.11.13"]
[SourceQuality "1"]

1. d4 d5 2. c4 Nc6 3. Nc3 dxc4 4. d5 Ne5 5. Qd4 Ng6 6. Qxc4 a6 7. Nf3 Nf6 8. e4 e5 9. a4 Bd6 10. Be2 O-O 11. a5 Qe7 12. g3 b5 13. axb6 cxb6 14. O-O b5 15. Qd3 Bd7 16. Nd1 b4 17. Bg5 a5 18. Ne3 h6 19. Bxf6 Qxf6 20. Nc4 1/2-1/2

[Event "Montreal int."]
[Site "Montreal CAN"]
[Date "2001.08.09"]
[Round "7"]
[White "Charbonneau, Pascal"]
[Black "Hebert, Jean"]
[Result "0-1"]
[WhiteElo "2405"]
[BlackElo "2427"]
[PlyCount "88"]
[GameId "2160767911555359"]
[EventDate "2001.08.02"]
[EventType "tourn"]
[EventRounds "11"]
[EventCountry "CAN"]
[EventCategory "9"]
[SourceTitle "CBM 085"]
[Source "ChessBase"]
[SourceDate "2001.11.13"]
[SourceVersion "1"]
[SourceVersionDate "2001.11.13"]
[SourceQuality "1"]

1. e4 c5 2. c3 Nf6 3. e5 Nd5 4. Nf3 e6 5. d4 cxd4 6. cxd4 b6 7. Nc3 Nxc3 8. bxc3 Qc7 9. Bd2 Bb7 10. Bd3 d6 11. O-O Nd7 12. Ng5 dxe5 13. Qh5 g6 14. Qh4 Be7 15. Rae1 Bxg5 16. Bxg5 f5 17. Qh6 Kf7 18. dxe5 Nxe5 19. Qh3 Nxd3 20. Qxd3 h6 21. Bf4 Qc6 22. Qh3 Ba6 23. c4 Bxc4 24. Rc1 Qe4 25. Qg3 g5 26. Be5 Bxf1 27. Rc7+ Kg6 28. Rg7+ Kh5 29. Qh3+ Qh4 30. Qb3 Qg4 31. Kxf1 Rhc8 32. Bc7 Rxc7 33. Rxc7 Rd8 34. f3 Qf4 35. Rc4 Qd2 36. g4+ Kh4 37. gxf5+ Kh3 38. fxe6 Qg2+ 39. Ke1 Qd2+ 40. Kf1 Qg2+ 41. Ke1 Qg1+ 42. Ke2 Qxh2+ 43. Ke1 Qd2+ 44. Kf1 Rd3 0-1

[Event "Montreal int."]
[Site "Montreal CAN"]
[Date "2001.08.??"]
[Round "8"]
[White "Turov, Maxim"]
[Black "Charbonneau, Pascal"]
[Result "1/2-1/2"]
[WhiteElo "2550"]
[BlackElo "2405"]
[PlyCount "50"]
[GameId "2160767911555369"]
[EventDate "2001.08.02"]
[EventType "tourn"]
[EventRounds "11"]
[EventCountry "CAN"]
[EventCategory "9"]
[SourceTitle "CBM 085"]
[Source "ChessBase"]
[SourceDate "2001.11.13"]
[SourceVersion "1"]
[SourceVersionDate "2001.11.13"]
[SourceQuality "1"]

1. d4 Nf6 2. c4 e6 3. Nc3 Bb4 4. Qc2 O-O 5. a3 Bxc3+ 6. Qxc3 Ne4 7. Qc2 f5 8. e3 b6 9. Ne2 Bb7 10. f3 Nf6 11. b3 c5 12. Bb2 Nc6 13. Rd1 Qe7 14. dxc5 bxc5 15. Nc3 f4 16. exf4 Nd4 17. Qf2 e5 18. Be2 Nc2+ 19. Kd2 Nd4 20. fxe5 Ng4 21. Qg3 Qg5+ 22. Ke1 Nc2+ 23. Kf1 Nce3+ 24. Ke1 Nc2+ 25. Kf1 Nce3+ 1/2-1/2

[Event "Montreal int."]
[Site "Montreal CAN"]
[Date "2001.08.11"]
[Round "9"]
[White "Charbonneau, Pascal"]
[Black "Goldenberg, Danny"]
[Result "1-0"]
[WhiteElo "2405"]
[BlackElo "2343"]
[PlyCount "105"]
[GameId "2160767911555371"]
[EventDate "2001.08.02"]
[EventType "tourn"]
[EventRounds "11"]
[EventCountry "CAN"]
[EventCategory "9"]
[SourceTitle "CBM 085"]
[Source "ChessBase"]
[SourceDate "2001.11.13"]
[SourceVersion "1"]
[SourceVersionDate "2001.11.13"]
[SourceQuality "1"]

1. e4 c5 2. Nc3 Nc6 3. Bb5 Nd4 4. Bc4 e6 5. Nf3 Ne7 6. Nxd4 cxd4 7. Ne2 Nc6 8. O-O g6 9. d3 Bg7 10. Bf4 d6 11. Qd2 O-O 12. Bh6 Re8 13. Bxg7 Kxg7 14. b4 d5 15. exd5 exd5 16. Bb5 Qb6 17. a4 a6 18. Bxc6 bxc6 19. a5 Qa7 20. c3 dxc3 21. Qxc3+ Kg8 22. Nd4 Bd7 23. Rfe1 Rac8 24. Nb3 d4 25. Rxe8+ Bxe8 26. Nxd4 Rd8 27. Nb3 Bd7 28. Nc5 Bf5 29. Re1 Qa8 30. h3 Qc8 31. Qf6 Re8 32. Re7 Rxe7 33. Qxe7 h5 34. Qa7 Qe8 35. Nxa6 Qe1+ 36. Kh2 Bxd3 37. Qb8+ Kh7 38. Nc5 Bb5 39. Qf4 Kg7 40. Qd4+ Kg8 41. Ne4 Qf1 42. Qd8+ Kg7 43. Qf6+ Kf8 44. Nd6 Bc4 45. Qh8+ Ke7 46. Qe5+ Kd7 47. Ne4 Bd5 48. Nf6+ Kc8 49. Qe8+ Kb7 50. Qd7+ Kb8 51. Qd8+ Ka7 52. Qb6+ Ka8 53. Nxd5 1-0

[Event "Montreal int."]
[Site "Montreal CAN"]
[Date "2001.08.12"]
[Round "10"]
[White "Oral, Tomas"]
[Black "Charbonneau, Pascal"]
[Result "1/2-1/2"]
[WhiteElo "2540"]
[BlackElo "2405"]
[PlyCount "35"]
[GameId "2160767911555380"]
[EventDate "2001.08.02"]
[EventType "tourn"]
[EventRounds "11"]
[EventCountry "CAN"]
[EventCategory "9"]
[SourceTitle "CBM 085"]
[Source "ChessBase"]
[SourceDate "2001.11.13"]
[SourceVersion "1"]
[SourceVersionDate "2001.11.13"]
[SourceQuality "1"]

1. e4 c5 2. Nf3 Nc6 3. Bb5 g6 4. Bxc6 dxc6 5. d3 Bg4 6. Nbd2 e5 7. h3 Bxf3 8. Qxf3 f6 9. Nb3 b6 10. O-O Nh6 11. c3 Nf7 12. Be3 Bd6 13. d4 cxd4 14. cxd4 O-O 15. Rac1 Rc8 16. dxe5 Nxe5 17. Qe2 Qe7 18. Bd4 1/2-1/2

[Event "Montreal int."]
[Site "Montreal CAN"]
[Date "2001.08.13"]
[Round "11"]
[White "Charbonneau, Pascal"]
[Black "Rozentalis, Eduardas"]
[Result "0-1"]
[WhiteElo "2405"]
[BlackElo "2588"]
[PlyCount "102"]
[GameId "2160767911555383"]
[EventDate "2001.08.02"]
[EventType "tourn"]
[EventRounds "11"]
[EventCountry "CAN"]
[EventCategory "9"]
[SourceTitle "CBM 085"]
[Source "ChessBase"]
[SourceDate "2001.11.13"]
[SourceVersion "1"]
[SourceVersionDate "2001.11.13"]
[SourceQuality "1"]

1. e4 e6 2. d4 d5 3. Nc3 dxe4 4. Nxe4 Bd7 5. Nf3 Bc6 6. Bd3 Nd7 7. O-O Bxe4 8. Bxe4 c6 9. c4 Ngf6 10. Bc2 Bd6 11. b3 O-O 12. Bb2 Qc7 13. Qe2 Rfe8 14. Ne5 Nf8 15. h4 c5 16. h5 cxd4 17. Bxd4 N8d7 18. Nxd7 Nxd7 19. Rad1 Be5 20. Qe4 f5 21. Bxe5 Nxe5 22. Qf4 Qb8 23. c5 Nf7 24. Qc4 Ne5 25. Qc3 Qc7 26. b4 Rac8 27. Bb3 Ng4 28. Qh3 Qf4 29. a3 Re7 30. Rd6 Kf7 31. Bd1 Nf6 32. Qe3 Qxe3 33. fxe3 g6 34. hxg6+ hxg6 35. Bf3 Rcc7 36. Rfd1 Nd7 37. Kf2 Ne5 38. Be2 Kf6 39. Rh1 Red7 40. Rhd1 Rxd6 41. Rxd6 Ke7 42. Bb5 b6 43. Be2 bxc5 44. bxc5 a5 45. Ra6 Rxc5 46. a4 g5 47. Rb6 Rc2 48. Ke1 Nc4 49. Rb3 Rc1+ 50. Kf2 Nd6 51. Bf3 g4 0-1

[Event "CYCC U18"]
[Site "Sackville CAN"]
[Date "2001.07.06"]
[Round "5"]
[White "Charbonneau, Pascal"]
[Black "Gurevich, Artjom"]
[Result "1-0"]
[WhiteElo "2438"]
[BlackElo "2338"]
[PlyCount "83"]
[GameId "2160767911564421"]
[EventDate "2001.07.04"]
[EventType "swiss"]
[EventRounds "7"]
[EventCountry "CAN"]
[SourceTitle "CFC 2001.08"]
[Source "CFC"]
[SourceDate "2001.08.??"]
[SourceVersionDate "2001.08.??"]
[SourceQuality "1"]

1. e4 c5 2. Nc3 e6 3. Nf3 a6 4. d4 cxd4 5. Nxd4 b5 6. Be2 Bb7 7. Bf3 Qc7 8. O-O Nc6 9. Nxc6 dxc6 10. Qe2 Nf6 11. e5 Nd5 12. Nd1 Rd8 13. b3 b4 14. Bb2 c5 15. Qe4 Rd7 16. Qg4 h5 17. Qh4 Be7 18. Qg3 Rh6 19. Be4 Nc3 20. Bf3 Ne4 21. Bxe4 Bxe4 22. Ne3 Rg6 23. Qh3 c4 24. Qxh5 c3 25. Bc1 Bb7 26. Ng4 Qc6 27. f3 Bc5+ 28. Kh1 Qb5 29. Be3 Bxe3 30. Nxe3 Rh6 31. Qg5 Rg6 32. Qf4 Rd2 33. Nc4 Rgxg2 34. Nd6+ Rxd6 35. Kxg2 Rd2+ 36. Rf2 Qd5 37. Rxd2 cxd2 38. Rd1 g5 39. Qe4 g4 40. Qxd5 Bxd5 41. Rxd2 Bxf3+ 42. Kg3 1-0

[Event "Montreal Match"]
[Site "Montreal CAN"]
[Date "2000.08.17"]
[Round "1"]
[White "Charbonneau, Pascal"]
[Black "Miladinovic, Igor"]
[Result "1-0"]
[WhiteElo "2326"]
[BlackElo "2563"]
[PlyCount "69"]
[GameId "2160767911652738"]
[EventDate "2000.08.17"]
[EventType "match"]
[EventRounds "6"]
[EventCountry "CAN"]
[SourceTitle "CBM 079"]
[Source "ChessBase"]
[SourceDate "2000.11.21"]
[SourceVersion "1"]
[SourceVersionDate "2000.11.21"]
[SourceQuality "1"]

1. e4 c6 2. d4 d5 3. exd5 cxd5 4. c4 e6 5. Nc3 Nf6 6. Nf3 Nc6 7. Bg5 Be7 8. c5 O-O 9. Rc1 Ne4 10. Bxe7 Qxe7 11. Bb5 Nxc3 12. Rxc3 e5 13. dxe5 d4 14. Rc1 Nxe5 15. Nxe5 Qxe5+ 16. Qe2 Qg5 17. O-O Be6 18. a3 Rad8 19. Qf3 Rd5 20. b4 b6 21. Bc4 Rf5 22. Qe4 Rf4 23. Qe2 Bg4 24. Qd2 Bh3 25. f3 bxc5 26. bxc5 Rg4 27. Rf2 Rf4 28. c6 Bc8 29. g3 Rf5 30. Qxg5 Rxg5 31. Rd2 Rd8 32. c7 Rf8 33. Rxd4 g6 34. Rd8 Kg7 35. Rxc8 1-0

[Event "Montreal Match"]
[Site "Montreal CAN"]
[Date "2000.08.18"]
[Round "2"]
[White "Miladinovic, Igor"]
[Black "Charbonneau, Pascal"]
[Result "1-0"]
[WhiteElo "2563"]
[BlackElo "2326"]
[PlyCount "47"]
[GameId "2160767911652739"]
[EventDate "2000.08.17"]
[EventType "match"]
[EventRounds "6"]
[EventCountry "CAN"]
[SourceTitle "CBM 079"]
[Source "ChessBase"]
[SourceDate "2000.11.21"]
[SourceVersion "1"]
[SourceVersionDate "2000.11.21"]
[SourceQuality "1"]

1. c4 e5 2. Nc3 Nc6 3. e3 Nf6 4. Nf3 Bb4 5. Qc2 O-O 6. a3 Bxc3 7. Qxc3 Re8 8. b4 d5 9. b5 d4 10. Qb2 Nb8 11. d3 c5 12. e4 Nh5 13. Be2 Nf4 14. Bxf4 exf4 15. Qd2 f5 16. Qxf4 fxe4 17. dxe4 d3 18. O-O-O Be6 19. Rxd3 Qe7 20. Rd6 h6 21. Rhd1 a6 22. Ne5 Qf6 23. Qxf6 gxf6 24. Bh5 1-0

[Event "Montreal Match"]
[Site "Montreal CAN"]
[Date "2000.08.19"]
[Round "3"]
[White "Charbonneau, Pascal"]
[Black "Miladinovic, Igor"]
[Result "1/2-1/2"]
[WhiteElo "2326"]
[BlackElo "2563"]
[PlyCount "73"]
[GameId "2160767911652740"]
[EventDate "2000.08.17"]
[EventType "match"]
[EventRounds "6"]
[EventCountry "CAN"]
[SourceTitle "CBM 079"]
[Source "ChessBase"]
[SourceDate "2000.11.21"]
[SourceVersion "1"]
[SourceVersionDate "2000.11.21"]
[SourceQuality "1"]

1. e4 c5 2. Nf3 Nc6 3. c3 d5 4. exd5 Qxd5 5. d4 e5 6. Nxe5 Nxe5 7. dxe5 Qxe5+ 8. Be3 Bd7 9. Na3 O-O-O 10. Qb3 Nf6 11. O-O-O Be7 12. Be2 Bg4 13. Nc4 Qc7 14. Bxg4+ Nxg4 15. Qc2 g6 16. Qe4 h5 17. Kb1 Rxd1+ 18. Rxd1 Rd8 19. Re1 Rd7 20. Bf4 f5 21. Qf3 Qd8 22. h3 Qg8 23. Rxe7 Rxe7 24. Nd6+ Kd8 25. Nxb7+ Ke8 26. Nd6+ Kf8 27. hxg4 Re1+ 28. Kc2 Qe6 29. Qa8+ Kg7 30. Qxa7+ Kg8 31. Qb8+ Kh7 32. Qc7+ Kg8 33. Qxc5 Qxa2 34. Kd2 Re7 35. Qc4+ Qxc4 36. Nxc4 Re4 37. g3 1/2-1/2